MARC

LEADER 00000nam0a2200000 4500
001 686037
005 20260408135809.0
090 |a 686037 
100 |a 20260408d1977 km|y0rusy50 ca 
101 0 |a rus 
102 |a RU 
105 |a a z 001yy 
181 0 |a i   |b  e  
182 0 |a n 
183 0 |a nc  |2 RDAcarrier 
200 1 |a Геохимические методы поисков. Методы анализа  |f Академия наук СССР, Сибирское отделение, Институт геохимии им. А. П. Виноградова ; отв. ред. Л. В. Таусон 
203 |a Текст  |b визуальный  |c непосредственный 
210 |a Иркутск  |c [Б. и.]  |d 1977 
215 |a 215 с.  |c ил. 
283 |a volume  |2 RDAcarrier 
320 |a Литература в конце статей 
606 1 |a Геохимическая разведка  |2 stltpush  |9 34210 
610 1 |a поиски 
610 1 |a полезные ископаемые 
610 1 |a геохимические методы 
610 1 |a минералогия 
610 1 |a минералы 
610 1 |a физика 
610 1 |a анализ 
610 1 |a изотопы 
610 1 |a геохимия 
675 |a 550.84  |v 4 
702 1 |a Таусон  |b Л. В.  |4 340 
712 0 2 |a Академия наук СССР  |b Сибирское отделение  |b Институт геохимии им. А. П. Виноградова  |c (Иркутск)  |9 23589 
801 1 |a RU  |b 63413507  |c 20260408 
830 |a Ретро2026Каталогизация Шило 
850 |a 63413507 
942 |c BK